00310nam a2200121Ia 45000030006000000080041000060400015000471000020000622450051000822600026001335460012001590050017001710STCL150530s9999 xx 000 0 und d aSTCLcSTCL aRawlinson, H.G. aBristish beginnings in western India 1579-1657 bClarendon pressc1920 aEnglish20220125171444.0